000 01259cam a2200337 a 4500
001 EDZ0000067627
003 StDuBDS
005 20161031105103.0
006 m||||||||d||||||||
007 cr |||||||||||
008 120405s2003 enk fo| 001|0|eng d
020 _a9781446221303 (ebook) :
_cNo price
040 _aStDuBDS
_beng
_cStDuBDS
_epn
049 _aAlfaisal Main Library
050 0 _aRC489.G4
_bH687 2003
082 0 4 _a616.89143
_223
100 1 _aHouston, Gaie,
_d1933-
245 1 0 _aBrief Gestalt therapy
_h[electronic resource] /
_cGaie Houston.
260 _aLondon :
_bSAGE,
_cc2003.
300 _a1 online resource (154 p.)
504 _aIncludes bibliographical references and index.
520 8 _aThis text sets out the basic theory and principles of Gestalt therapy and demonstrates how the Gestalt approach can be used effectively in brief interventions with clients.
521 _aSpecialized.
588 _aDescription based on print version record.
650 0 _aGestalt therapy.
655 7 _aElectronic books.
_2local
710 2 _aSage eBooks
776 0 8 _iPrint version :
_z9780761973492
856 4 0 _uhttp://ezproxy.alfaisal.edu/login?url=http://sk.sagepub.com/books/brief-gestalt-therapy
942 _2lcc
_cEBOOKS
999 _c479096
_d479096